000 00728nam a22002177a 4500
005 20251108172841.0
008 250721s2004 xx 000 0 ara d
082 1 4 _a963/خير
100 1 _aخير، إبراهيم محمد
245 1 0 _aصفع الأرجوز في عمليات تحرير راجا و ديم زبير /
264 1 _aالخرطوم :
_bمؤسسة الأبرار للطباعة و النشر،
_c2004.
300 _a294 ص
650 1 7 _aتاريخ السودان
650 1 7 _aالحروب الأهلية
650 1 7 _aالمجازر البشرية
650 1 7 _aالجرائم السياسية
650 1 7 _aالنزاعات
650 1 7 _aمجلس الأمن
942 _2ddc
_cBK
999 _c90011
_d90011